000 01148nas a2200385 4500
001 BR2012000128
003 BR-BrBNA
005 20231205115922.0
007 ta
008 230509b bl.|||p| |||| 00| 00por d
040 _aBR-BrBNA
_bpor
_cBiblioteca Nacional de Agricultura
041 _a(Pt)
072 _aL70
100 1 _aAleixo, G.A.S.
100 1 _aCoelho, M.C.O.C.
100 1 _aTeixeira, M.N.
100 1 _aMesquita, E.P.
100 1 _aOliveira, F.F.
100 1 _aZubieta, L.M.V.
100 1 _aAlmeida, T.L.C.
100 1 _aGuimarães, A.L.N.
100 1 _aMaia, F.C.
100 1 _aZacarias, T.F.L.
100 1 _aSantos, S.M.L.G.
100 1 _aLima, C.P.S.
245 1 _aComparação entre dois protocolos para obtenção de plasma rico em plaquetas, em cães
650 _aCÃO
650 _aSANGUE
650 _aPLASMA
650 _aFATOR DE CRESCIMENTO
650 _aANÁLISE COMPARATIVA
773 0 _tArquivo Brasileiro de Medicina Veterinária e Zootecnia (Brazil)
_xISSN 0102-0935
_g(Jun 2011), v. 63(3) p. 567-573
_wBR2012000128
909 _a202311
_bLúcia
_c55
_dLúcia Elande
942 _2AGRIS
_n0
_cANA
999 _c216302
_d216302